Los orígenes de la interpretación psiquiátrica de la Historia humana (Record no. 133430)

MARC details
000 -LEADER
campo de control de longitud fija 00530nam a2200157 4500
001 - NÚMERO DE CONTROL
campo de control 133430
003 - IDENTIFICADOR DE NÚMERO DE CONTROL
campo de control ES-MaACL
005 - FECHA Y HORA DE LA ÚLTIMA TRANSACCIÓN
campo de control 20230906194413.0
007 - CAMPO FIJO DE DESCRIPCIÓN FÍSICA--INFORMACIÓN GENERAL
campo de control de longitud fija t|
008 - DATOS DE LONGITUD FIJA--INFORMACIÓN GENERAL
campo de control de longitud fija 070214s1914 ag r ||||1| spa d
100 1# - ENTRADA PRINCIPAL--NOMBRE DE PERSONA
Nombre de persona Ruiz, Diego.
9 (RLIN) 100600
245 14 - MENCIÓN DEL TÍTULO
Título Los orígenes de la interpretación psiquiátrica de la Historia humana
Resto del título : ¿qué es el genio en la interpretación psiquiátrica de la Historia? /
Mención de responsabilidad, etc. Diego Ruíz.
260 ## - PUBLICACIÓN, DISTRIBUCIÓN, ETC.
Lugar de publicación, distribución, etc. Buenos Aires :
Nombre del editor, distribuidor, etc. `La Semana Médica`,
Fecha de publicación, distribución, etc. 1914.
300 ## - DESCRIPCIÓN FÍSICA
Extensión 21 p.
852 ## - LOCALIZACIÓN
Ubicación ES-MaACL
Número de control de estantería T-1415-F-8
Holdings
Estatus retirado Estado de pérdida Estado de daño No para préstamo Colección Biblioteca de origen Biblioteca actual Ubicación en estantería Fecha de adquisición Fuente de adquisición Total de préstamos Signatura topográfica completa Código de barras Visto por última vez Precio de reemplazo Tipo de ítem Koha
        Colección de folletos Biblioteca del Ateneo de Madrid Biblioteca del Ateneo de Madrid Depósito folletos 17/01/2008     T-1415-F-8 1138905 23/02/2023 23/02/2023 Folleto